Personnages secondaires des films Disney - Statistiques

Statistiques générales
  • Ce quiz a été pris 186 fois
  • Le résultat moyen est 17 sur 20
Statistiques - réponses
Par images Réponse % Correct
Coco
98%
La petite sirène
87%
La reine des neiges
87%
Le livre de la jungle
87%
Raiponce
87%
Aladdin
86%
Cendrillon
86%
Le roi lion
86%
Mulan
86%
Alice au pays des merveilles
85%
La belle et la bête
85%
Zootopie
85%
La belle au bois dormant
83%
Ratatouille
82%
Les aristochats
81%
Vaiana
81%
La belle et le clochard
78%
La princesse et la grenouille
78%
Merlin l'enchanteur
78%
Encanto
75%
Aucun quiz correspondant
Distribution des résultats
% des personnes avec chaque résultat
Percentile par nombre de réponses
Votre historique - résultats
Vous n’avez pas pris ce quiz